Труды ЦАГИ. Вып.1904: Гиперзвуковое течение вязкого газа в плоском сопле (Запись № 1811137)

Подробности
000 -МАРКЕР
контрольное поле 01836nam2a22002651 4500
001 - ИДЕНТИФИКАТОР ЗАПИСИ
контрольное поле RU\NLR\INFOCOMM31\5000091946
005 - ИДЕНТИФИКАТОР ВЕРСИИ
контрольное поле 20050129145206.9
035 ## - ДРУГИЕ СИСТЕМНЫЕ НОМЕРА
Идентификатор записи (NLR Aleph) 002409963
100 ## - ДАННЫЕ ОБЩЕЙ ОБРАБОТКИ
Данные общей обработки 20050119d1978 |||y0rusy50 ca
101 0# - ЯЗЫК РЕСУРСА
Язык текста, звукозаписи и т.д. русский
102 ## - СТРАНА ПУБЛИКАЦИИ ИЛИ ПРОИЗВОДСТВА
Страна публикации Российская Федерация
105 ## - ПОЛЕ КОДИРОВАННЫХ ДАННЫХ: ТЕКСТОВЫЕ МАТЕРИАЛЫ, МОНОГРАФИЧЕСКИЕ
Кодированные данные о монографическом текстовом документе y ||||000|y
200 1# - ЗАГЛАВИЕ И СВЕДЕНИЯ ОБ ОТВЕТСТВЕННОСТИ
Основное заглавие Гиперзвуковое течение вязкого газа в плоском сопле
Первые сведения об ответственности Ю.Н. Ермак
210 ## - ПУБЛИКАЦИЯ, РАСПРОСТРАНЕНИЕ И ДР.
Дата издания, распространения и т.д. 1978
423 #0 - ИЗДАЕТСЯ В ОДНОЙ ОБЛОЖКЕ ВМЕСТЕ С ...
Встроенное поле 2001#$aРасчет формы самобалансирующейся нижней поверхности гиперзвуковых летательных аппаратов с высоким аэродинамическим качеством$fН.А. Благовещенский и др.
-- 700#1$aБлаговещенский$bН.А.
Заглавие Расчет формы самобалансирующейся нижней поверхности гиперзвуковых летательных аппаратов с высоким аэродинамическим качеством
Автор Благовещенский, Н.А.
461 #0 - УРОВЕНЬ НАБОРА
Встроенное поле 001RU\NLR\INFOCOMM31\5000085815
-- 2001#$aТруды ЦАГИ$fЦентр. аэрогидродинам. ин-т им. проф. Н.Е. Жуковского$vВып.1904
Системный номер (АБИС) связанной записи 3998286
Автор Центральный аэрогидродинамический институт им. Н. Е. Жуковского (Москва)
Место публикации М.
Дата публикации 1923 -
Первые сведения об ответственности Центр. аэрогидродинам. ин-т им. проф. Н.Е. Жуковского
Имя издателя, распространителя и т.д. Изд-во Бюро новой техники НКАП
Заглавие Труды ЦАГИ
ISSN 2588-0098
Номер тома Вып.1904
700 #1 - ИМЯ ЛИЦА - ПЕРВИЧНАЯ ОТВЕТСТВЕННОСТЬ
Начальный элемент ввода Ермак
Часть имени, кроме начального элемента ввода Ю. Н.
Код отношения Автор
801 #0 - ИСТОЧНИК ЗАПИСИ
Страна Российская Федерация
Организация NLR
Правила каталогизации PSBO
801 #1 - ИСТОЧНИК ЗАПИСИ
Страна Российская Федерация
Организация InfoComm
Дата составления 20050129
852 ## - МЕСТОНАХОЖДЕНИЕ И ШИФР ХРАНЕНИЯ
Идентификатор организации NLR
Шифр хранения (Call Number) П11/665
942 ## - ДОПОЛНИТЕЛЬНЫЕ ЭЛЕМЕНТЫ ЗАПИСИ (АБИС)
Тип экземпляра АБИС Выпуск
980 ## - КОЛЛЕКЦИЯ
Название коллекции Национальная библиография
980 ## - КОЛЛЕКЦИЯ
Название коллекции Русская периодика

Нет доступных экземпляров.